000 01029cab a2200265 4500
001 ABS57009
008 090401t1997 xxu||||| |||| 00| 0 eng d
035 _a(Sirsi) u98366
041 _aeng
100 _aWilliams, D.
245 4 _aThe key to possession
260 _c1997
350 _a0
490 _aEstates Gazette
_v(9718) 3 May 1997, 111-114(4)
520 _aUpdates points of practical significance which have been decided in the courts over the past 12 months. Looks at cases relating to assured shorthold tenancies, application of the Rent Acts, long leases, fair rents and protected shorthold tenancies.
650 _aASSURED SHORTHOLD TENANCIES
650 _aCASE LAW
650 _aFAIR RENTS
650 _aLONG LEASES
650 _aPROTECTED SHORTHOLD TENANCIES
650 _aPROPERTY-RESIDENTIAL PROPERTY-RESIDENTIAL LANDLORD AND TENANT-RESIDENTIAL TENANCIES
690 _aPROPERTY-RESIDENTIAL PROPERTY-RESIDENTIAL LANDLORD AND TENANT-RESIDENTIAL TENANCIES
942 _n0
948 _c21/05/1997
999 _c59767
_d59767